Statistiche per Elenca la formazione - Quiz n°73

Clicka qui per fare il quiz!

Statistiche generali

  • Questo quiz è stato fatto 12 volte
  • Il punteggio medio è 8 su 11

Statistiche sulle risposte

RuoloNazioneCalciatore% Corretto
AttaccanteUruguayEdinson Cavani
100%
DifensoreBrasileThiago Silva
100%
AttaccanteArgentinaEzequiel Lavezzi
92%
CentrocampistaItaliaMarco Verratti
92%
CentrocampistaBrasile / ItaliaThiago Motta
92%
CentrocampistaFranciaBlaise Matuidi
75%
AttaccanteBrasileLucas Moura
75%
DifensoreBrasileMaxwell
67%
DifensoreBrasileAlex
50%
PortiereFranciaNicolas Douchez
42%
DifensoreFranciaChristophe Jallet
17%

Distribuzione punteggi

Percentile per numero di risposta

Percentuale di utenti per punteggio

I tuoi punteggi nel tempo

Non hai fatto questo quiz